Jeden sąsiad danego stanu #1 - Statystyki

Ogólne statystyki
  • Ten quiz został rozwiązany 90 razy
  • Średni wynik to 8 z 10
Statystyki odpowiedzi
Stan Sąsiad stan % Poprawnych
Kalifornia Nevada | Arizona | Oregon
95%
Arizona Kalifornia | Nowy Meksyk | Nevada | Utah
90%
Wirginia Zachodnia Wirginia | Kentucky | Ohio | Pensylwania | Maryland
89%
Luizjana Teksas | Arkansas | Missisipi
84%
Michigan Wisconsin | Indiana | Ohio
82%
Ohio Indiana | Kentucky | Wirginia Zachodnia | Pensylwania | Michigan
78%
Waszyngton Oregon | Idaho
77%
Oklahoma Nowy Meksyk | Teksas | Arkansas | Kansas | Missouri
76%
New Hampshire Vermont | Massachusetts | Maine
76%
Minnesota Wisconsin | Dakota Północna | Dakota Południowa | Iowa
66%
Nie znaleziono quizów pasujących do podanych kryteriów
Rozkład punktacji
Procent ludzi z każdym wynikiem
Percentyl według liczby udzielonych odpowiedzi
Twoja historia wyników
Nie rozwiązałeś tego quizu